[Event "FICGS class GM 000005 email"]
[Site "FICGS email"]
[Date "2021.03.16"]
[Round "1"]
[White "Lounek, Jan"]
[Black "Tsygankov, Evgeny Georgievich"]
[Result "1/2-1/2"]
[WhiteElo "2474"]
[BlackElo "2537"]
[PlyCount "83"]
[EventDate "2021.??.??"]
[EventType "tourn (corr)"]
[EventRounds "6"]
[EventCategory "11"]
[SourceTitle "Corr 2022"]
[Source "ChessBase"]
[SourceDate "2021.10.24"]
[SourceVersion "1"]
[SourceVersionDate "2021.10.24"]
[SourceQuality "1"]

1. e4 c5 2. Nf3 d6 3. d4 cxd4 4. Nxd4 Nf6 5. Nc3 a6 6. Be3 e5 7. Nb3 Be6 8. f3 h5 9. Nd5 Bxd5 10. exd5 Nbd7 11. Qd2 g6 12. Be2 Bg7 13. 0-0 b6 14. c4 0-0 15. Kh1 Re8 16. Rae1 Rb8 17. Bg5 Qc7 18. Bd3 Nh7 19. Be3 Nhf6 20. Qe2 h4 21. Qf2 b5 22. Rc1 bxc4 23. Bxc4 h3 24. gxh3 Qd8 25. Qh4 Nf8 26. Rf2 N8h7 27. Rfc2 Qd7 28. Nd2 Qf5 29. Kg2 e4 30. fxe4 Nxe4 31. Qf4 Qxf4 32. Bxf4 Nxd2 33. Bxd2 Bxb2 34. Rb1 Rec8 35. a4 Nf6 36. Bd3 Rxc2 37. Bxc2 Re8 38. Bd3 Be5 39. Bxa6 Ra8 40. Bb5 Nxd5 41. Bc6 Rc8 42. Rc1 1/2-1/2

[Event "FICGS class GM 000004 email"]
[Site "FICGS email"]
[Date "2020.11.26"]
[Round "1"]
[White "Tsygankov, Evgeny Georgievich"]
[Black "Bernal Varela, Nelson"]
[Result "1/2-1/2"]
[WhiteElo "2536"]
[BlackElo "2493"]
[PlyCount "77"]
[EventDate "2020.??.??"]
[EventType "tourn (corr)"]
[EventRounds "6"]
[EventCategory "11"]
[SourceTitle "Corr 2022"]
[Source "ChessBase"]
[SourceDate "2021.10.24"]
[SourceVersion "1"]
[SourceVersionDate "2021.10.24"]
[SourceQuality "1"]

1. e4 e6 2. d4 d5 3. e5 c5 4. c3 Nc6 5. Nf3 Qb6 6. a3 Nh6 7. b4 cxd4 8. Bxh6 gxh6 9. cxd4 Bd7 10. Be2 Rg8 11. 0-0 Rg4 12. h3 Rf4 13. g3 Rxf3 14. Bxf3 Qxd4 15. Qxd4 Nxd4 16. Bh5 a5 17. Nc3 Nb3 18. Ra2 Rc8 19. Ne2 a4 20. Rd1 Bg7 21. f4 Ke7 22. Bg4 Rc4 23. Bf3 Bc6 24. Kh2 Be8 25. h4 Bc6 26. Bg2 Be8 27. Kh3 Bd7 28. Bf3 Bc6 29. Re1 Bd7 30. Rd1 b6 31. Bh1 Bh8 32. Rf1 Bg7 33. Bf3 f6 34. exf6+ Bxf6 35. f5 Be5 36. Kg2 Kd6 37. Rd1 b5 38. Kf2 Bc8 39. Kg2 1/2-1/2

[Event "WC-2020-S-00003"]
[Site "LSS email"]
[Date "2020.04.01"]
[Round "?"]
[White "Haug, Ulrich"]
[Black "Tsygankov, Evgeny Georgievich"]
[Result "1/2-1/2"]
[WhiteElo "2460"]
[BlackElo "2491"]
[PlyCount "71"]
[EventDate "2020.04.01"]
[EventType "tourn (corr)"]
[EventRounds "12"]
[EventCountry "GER"]
[SourceTitle "Corr 2022"]
[Source "ChessBase"]
[SourceDate "2021.10.24"]
[SourceVersion "1"]
[SourceVersionDate "2021.10.24"]
[SourceQuality "1"]

1. e4 c5 2. d4 cxd4 3. c3 dxc3 4. Nxc3 Nc6 5. Nf3 e6 6. Bc4 a6 7. 0-0 b5 8. Bb3 Bb7 9. Qe2 Nge7 10. Be3 Na5 11. Nd4 Nec6 12. Rad1 Nxd4 13. Bxd4 Nxb3 14. axb3 f6 15. f4 Bb4 16. Qh5+ Kf8 17. Bc5+ Bxc5+ 18. Qxc5+ Qe7 19. Rd6 Kf7 20. e5 f5 21. Qd4 Bc6 22. Ne2 Rhc8 23. b4 Bd5 24. Qd2 Ra7 25. Nc3 Bc6 26. Ne2 Be4 27. Nc3 Bc6 28. Ne2 h6 29. Rc1 Rac7 30. Nd4 Bb7 31. Rc3 Kg8 32. h3 Kh7 33. Nb3 Rxc3 34. bxc3 Rc7 35. Nc5 Bc6 36. Kh2 1/2-1/2

[Event "WC-2020-S-00003"]
[Site "LSS email"]
[Date "2020.04.01"]
[Round "?"]
[White "Lounek, Jan"]
[Black "Tsygankov, Evgeny Georgievich"]
[Result "1/2-1/2"]
[WhiteElo "2527"]
[BlackElo "2491"]
[PlyCount "83"]
[EventDate "2020.04.01"]
[EventType "tourn (corr)"]
[EventRounds "12"]
[EventCountry "GER"]
[SourceTitle "Corr 2022"]
[Source "ChessBase"]
[SourceDate "2021.10.24"]
[SourceVersion "1"]
[SourceVersionDate "2021.10.24"]
[SourceQuality "1"]

1. d4 Nf6 2. c4 e6 3. Nf3 b6 4. g3 Ba6 5. b3 Bb4+ 6. Bd2 Be7 7. Bg2 c6 8. Bc3 d5 9. Ne5 Nfd7 10. Nxd7 Nxd7 11. Nd2 0-0 12. 0-0 b5 13. c5 e5 14. dxe5 Bxc5 15. Nf3 Re8 16. Qc2 b4 17. Bb2 Bb6 18. Rad1 Rc8 19. Rfe1 h6 20. e3 Qe7 21. h3 Qc5 22. Qb1 Qf8 23. Kh2 Rcd8 24. Qc2 Qc5 25. Qb1 Qf8 26. Ba1 Bb7 27. Qf5 Qe7 28. Qc2 Qc5 29. Qf5 Qe7 30. Qc2 Qc5 31. Qb2 Qf8 32. Qb1 Bc7 33. e4 Nxe5 34. Nxe5 Bxe5 35. exd5 Bxa1 36. Rxe8 Qxe8 37. dxc6 Rxd1 38. Qxd1 Bxc6 39. Bxc6 Qxc6 40. Qxa1 Qc2 41. Kg2 Qe4+ 42. Kg1 1/2-1/2

[Event "WC-2020-T-00002"]
[Site "LSS email"]
[Date "2020.02.14"]
[Round "?"]
[White "Broniek, Mariusz Maciej"]
[Black "Tsygankov, Evgeny Georgievich"]
[Result "1-0"]
[WhiteElo "2436"]
[BlackElo "2478"]
[PlyCount "95"]
[EventDate "2020.02.14"]
[EventType "tourn (corr)"]
[EventRounds "10"]
[EventCountry "GER"]
[SourceTitle "Corr 2022"]
[Source "ChessBase"]
[SourceDate "2021.10.24"]
[SourceVersion "1"]
[SourceVersionDate "2021.10.24"]
[SourceQuality "1"]

1. d4 d5 2. Nf3 Nf6 3. Bf4 c5 4. e3 Nc6 5. c3 Qb6 6. b3 cxd4 7. exd4 Bf5 8. Bd3 e6 9. Bxf5 exf5 10. 0-0 Be7 11. c4 Ne4 12. Nbd2 0-0 13. cxd5 Nb4 14. Nc4 Qa6 15. d6 Bxd6 16. Bxd6 Nxd6 17. d5 Nxc4 18. bxc4 Qxc4 19. Qd2 Rad8 20. Rfc1 Qb5 21. d6 Nc6 22. Rab1 Qa5 23. Qxa5 Nxa5 24. Rb5 b6 25. Rd5 Nb7 26. d7 f6 27. Nd4 Rf7 28. Rc7 Nc5 29. Rc8 Rff8 30. Rcxc5 bxc5 31. Nc6 Kf7 32. Rd6 a6 33. Kf1 g5 34. g3 h5 35. a4 a5 36. Ke2 Rde8+ 37. dxe8Q+ Rxe8+ 38. Kd3 Re4 39. Rd5 Rxa4 40. Rxc5 Ra3+ 41. Ke2 a4 42. Rxf5 Ra2+ 43. Kf3 Ra3+ 44. Kg2 Rc3 45. Na7 Rc4 46. Ra5 Kg6 47. h3 Kh7 48. Ra6 1-0

[Event "WC-2020-T-00002"]
[Site "LSS email"]
[Date "2020.02.14"]
[Round "?"]
[White "Kuhne, Detlev"]
[Black "Tsygankov, Evgeny Georgievich"]
[Result "1/2-1/2"]
[WhiteElo "2432"]
[BlackElo "2478"]
[PlyCount "43"]
[EventDate "2020.02.14"]
[EventType "tourn (corr)"]
[EventRounds "10"]
[EventCountry "GER"]
[SourceTitle "Corr 2022"]
[Source "ChessBase"]
[SourceDate "2021.10.24"]
[SourceVersion "1"]
[SourceVersionDate "2021.10.24"]
[SourceQuality "1"]

1. d4 Nf6 2. c4 e6 3. g3 d5 4. Bg2 Bb4+ 5. Bd2 Be7 6. Nf3 c6 7. Qc2 0-0 8. 0-0 Nbd7 9. b3 b6 10. Rd1 Ba6 11. a4 c5 12. cxd5 Nxd5 13. Nc3 Rc8 14. Qb2 Bb7 15. Rac1 h6 16. h4 N5f6 17. dxc5 Bxc5 18. b4 Be7 19. Qb3 a6 20. Bf4 b5 21. axb5 axb5 22. Nxb5 1/2-1/2

[Event "WC-2020-T-00002"]
[Site "LSS email"]
[Date "2020.02.14"]
[Round "?"]
[White "Szabo, Vilmos"]
[Black "Tsygankov, Evgeny Georgievich"]
[Result "1/2-1/2"]
[WhiteElo "2389"]
[BlackElo "2478"]
[PlyCount "71"]
[EventDate "2020.02.14"]
[EventType "tourn (corr)"]
[EventRounds "10"]
[EventCountry "GER"]
[SourceTitle "Corr 2022"]
[Source "ChessBase"]
[SourceDate "2021.10.24"]
[SourceVersion "1"]
[SourceVersionDate "2021.10.24"]
[SourceQuality "1"]

1. d4 Nf6 2. c4 e6 3. Nf3 b6 4. a3 Bb7 5. Nc3 d5 6. cxd5 Nxd5 7. Bd2 Nd7 8. Nxd5 exd5 9. g3 Bd6 10. Rc1 0-0 11. Bg2 Re8 12. 0-0 a5 13. Bg5 Nf6 14. Bxf6 Qxf6 15. e3 Red8 16. Re1 Rab8 17. Qb3 Ba8 18. Nd2 c5 19. e4 dxe4 20. Nxe4 Bxe4 21. Rxe4 g6 22. Rc3 Qf5 23. dxc5 Bxc5 24. Rf4 Qe6 25. Qxe6 Rd1+ 26. Bf1 fxe6 27. Rc2 Rbd8 28. b4 e5 29. Rfc4 Be7 30. Re2 R8d5 31. bxa5 bxa5 32. a4 Kf7 33. Kg2 Kf6 34. Rec2 Bd6 35. R2c3 R1d2 36. Rf3+ 1/2-1/2

[Event "WC-2020-T-00002"]
[Site "LSS email"]
[Date "2020.02.14"]
[Round "?"]
[White "Wosch, Arkadiusz Janusz"]
[Black "Tsygankov, Evgeny Georgievich"]
[Result "0-1"]
[WhiteElo "2363"]
[BlackElo "2478"]
[PlyCount "84"]
[EventDate "2020.02.14"]
[EventType "tourn (corr)"]
[EventRounds "10"]
[EventCountry "GER"]
[SourceTitle "Corr 2022"]
[Source "ChessBase"]
[SourceDate "2021.10.24"]
[SourceVersion "1"]
[SourceVersionDate "2021.10.24"]
[SourceQuality "1"]

1. e4 c5 2. Nf3 d6 3. d4 cxd4 4. Nxd4 Nf6 5. Nc3 a6 6. Be3 e5 7. Nb3 Be6 8. f3 h5 9. Nd5 Bxd5 10. exd5 Nbd7 11. Qd2 g6 12. Be2 Bg7 13. 0-0 b6 14. Kh1 0-0 15. c4 Re8 16. Rad1 Qe7 17. Rde1 a5 18. Na1 e4 19. Nc2 Nc5 20. Nd4 exf3 21. Bxf3 Nfe4 22. Bxe4 Nxe4 23. Qc2 Qh4 24. Kg1 Nc5 25. Nc6 Qe4 26. Qxe4 Nxe4 27. b3 Bc3 28. Re2 Nc5 29. Rf3 a4 30. b4 Nd3 31. b5 Re4 32. Rc2 Bg7 33. Bxb6 Ne1 34. Rff2 Nxc2 35. Rxc2 Re1+ 36. Kf2 Rb1 37. Ke2 Re8+ 38. Kd3 f5 39. h3 f4 40. Bf2 g5 41. b6 g4 42. c5 g3 0-1

[Event "FICGS class SM 000024 email"]
[Site "FICGS email"]
[Date "2019.12.28"]
[Round "1"]
[White "Broniek, Mariusz Maciej"]
[Black "Tsygankov, Evgeny Georgievich"]
[Result "1/2-1/2"]
[WhiteElo "2368"]
[BlackElo "2527"]
[PlyCount "50"]
[EventDate "2019.??.??"]
[EventType "tourn (corr)"]
[EventRounds "6"]
[EventCategory "7"]
[SourceTitle "Corr 2022"]
[Source "ChessBase"]
[SourceDate "2021.10.24"]
[SourceVersion "1"]
[SourceVersionDate "2021.10.24"]
[SourceQuality "1"]

1. d4 Nf6 2. Nf3 d5 3. Bf4 c5 4. e3 Nc6 5. c3 Qb6 6. b3 cxd4 7. exd4 Bf5 8. Bd3 e6 9. Bxf5 exf5 10. 0-0 Be7 11. c4 Ne4 12. Nbd2 0-0 13. cxd5 Nb4 14. Nc4 Qa6 15. d6 Bxd6 16. Bxd6 Nxd6 17. d5 Nxc4 18. bxc4 Qxc4 19. Qd2 Rad8 20. Rfc1 Qb5 21. d6 Nc6 22. Rab1 Qa5 23. Qxa5 Nxa5 24. Rb5 b6 25. Rd5 Rc8 1/2-1/2

[Event "FICGS class SM 000024 email"]
[Site "FICGS email"]
[Date "2019.12.28"]
[Round "1"]
[White "Nemchenko, Valery"]
[Black "Tsygankov, Evgeny Georgievich"]
[Result "0-1"]
[WhiteElo "2463"]
[BlackElo "2527"]
[PlyCount "34"]
[EventDate "2019.??.??"]
[EventType "tourn (corr)"]
[EventRounds "6"]
[EventCategory "7"]
[SourceTitle "Corr 2022"]
[Source "ChessBase"]
[SourceDate "2021.10.24"]
[SourceVersion "1"]
[SourceVersionDate "2021.10.24"]
[SourceQuality "1"]

1. e4 c5 2. Nf3 d6 3. d4 cxd4 4. Nxd4 Nf6 5. Nc3 a6 6. Bc4 e6 7. 0-0 b5 8. Bb3 Be7 9. h3 0-0 10. f4 Bb7 11. e5 dxe5 12. fxe5 Bc5 13. Nce2 Nfd7 14. Bf4 Nxe5 15. Bxe5 Nc6 16. Kh1 Nxe5 17. c3 Qg5 0-1